| 000 | 00991nam a22003017a 4500 | ||
|---|---|---|---|
| 001 | 9836 | ||
| 003 | FISKH | ||
| 005 | 20260304093957.0 | ||
| 008 | 260304b cb ||||| |||| 00| 0 eng d | ||
| 020 | _a9780789498984 | ||
| 040 |
_aFISKH _beng _cFISKH _dFISKH |
||
| 050 | _aGV850 .A2 .B83 | ||
| 082 | _a796.91 | ||
| 100 | _aJr. , James Buckley | ||
| 245 |
_aIce skating stars / _cWritten by James Buckley , Jr. |
||
| 250 | _aFirst American Edtion , 2004 | ||
| 260 |
_aLondon : _bDK Children , _c2004 . |
||
| 300 |
_a32 pages : _bcolor illustrations ; _c23 cm . |
||
| 490 | _aDK Readers | ||
| 505 | _aS | ||
| 520 | _aContains an introduction to ice skaters, in simple text with illustrations, including brief biographical sketches on some of the sports biggest female stars. | ||
| 521 | 8 |
_a800
_bLexile estimate |
|
| 521 | 8 |
_aS
_bRaz-Plus |
|
| 650 |
_aIce skating _vNon-fiction |
||
| 700 |
_aSutinis , Beth _eSenior Editor |
||
| 942 |
_2ddc _cBK _n0 |
||
| 999 |
_c9836 _d9836 |
||